000 00303nam a2200109Ia 4500
008 221030s9999 xx 000 0 und d
245 4 _aThe Service Quality & Customer Satisfaction of HDFC Bank in Jammu & Kashmir
260 _bHDFC
_aSrinagar
_c2018
300 _a100
650 _aManagement
942 _cTH
999 _c18016
_d18016